000 00297nam a2200121Ia 4500
008 191201s2012 xx 000 0 und d
100 _aBALAGURUSAMY,E
245 0 _aComputing fundamentals & C Programming
250 _aRep
260 _c2012
_bTMH
_aNEW DELHI
300 _a508
942 _2ddc
_cBK
_023
999 _c7816
_d7816